[Event "Penang op 11th"]
[Site "Penang"]
[Date "2019.12.14"]
[Round "9"]
[White "Chakravarthi, Reddy M"]
[Black "Suelo, Roberto Jr"]
[Result "1/2-1/2"]
[WhiteElo "2366"]
[BlackElo "2140"]
[PlyCount "55"]
[EventDate "2019.12.09"]
[EventType "swiss"]
[EventRounds "9"]
[EventCountry "MAS"]
[SourceTitle "CBM 193 Extra"]
[Source "ChessBase"]
[SourceDate "2020.01.31"]
[SourceVersion "1"]
[SourceVersionDate "2020.01.31"]
[SourceQuality "1"]

1. d4 Nf6 2. c4 e6 3. Nf3 d5 4. cxd5 exd5 5. Nc3 c6 6. Qc2 Be7 7. Bg5 h6 8. Bh4 0-0 9. e3 Ne4 10. Bxe7 Qxe7 11. Bd3 Nxc3 12. Qxc3 Nd7 13. 0-0 Nf6 14. Rab1 Be6 15. Qc2 Rfc8 16. b4 a5 17. a3 axb4 18. axb4 Ne8 19. Qc5 Nd6 20. Ra1 Qd8 21. Ne5 f6 22. Ng6 Qd7 23. Rfc1 Bf5 24. Bxf5 Nxf5 25. e4 b6 26. Qxb6 dxe4 27. Qc5 Kh7 28. Nf4 1/2-1/2

[Event "Penang op 11th"]
[Site "Penang"]
[Date "2019.12.13"]
[Round "7"]
[White "Suelo, Roberto Jr"]
[Black "Poh, Yu Tian"]
[Result "1-0"]
[WhiteElo "2140"]
[BlackElo "1925"]
[PlyCount "133"]
[EventDate "2019.12.09"]
[EventType "swiss"]
[EventRounds "9"]
[EventCountry "MAS"]
[SourceTitle "CBM 193 Extra"]
[Source "ChessBase"]
[SourceDate "2020.01.31"]
[SourceVersion "1"]
[SourceVersionDate "2020.01.31"]
[SourceQuality "1"]

1. e4 c5 2. Nf3 d6 3. c3 Nf6 4. Be2 g6 5. 0-0 Bg7 6. Qc2 0-0 7. d4 Bg4 8. Be3 Nbd7 9. h3 Bxf3 10. Bxf3 cxd4 11. cxd4 e5 12. d5 a6 13. a4 a5 14. Nd2 Rc8 15. Qb3 Nc5 16. Qb5 Qd7 17. Qxa5 Ra8 18. Qb4 Nxa4 19. Nc4 b5 20. Na5 Rxa5 21. Qxa5 Nxb2 22. Rfb1 Nc4 23. Qxb5 Nxe3 24. Qxd7 Nxd7 25. fxe3 Nc5 26. Rb6 Rd8 27. Rab1 Bf8 28. Rb8 Rd7 29. Ra8 Kg7 30. h4 Be7 31. g3 Rc7 32. Rba1 Rb7 33. R8a7 Rxa7 34. Rxa7 Bd8 35. Ra8 Bb6 36. Kf1 Nd7 37. g4 h6 38. Ke2 g5 39. h5 Bc5 40. Kd3 Nb6 41. Rd8 Kh7 42. Bd1 Kg7 43. Bb3 Kh7 44. Bc4 Kg7 45. Bb5 Kf6 46. Bc6 Kg7 47. Bd7 Kf6 48. Bf5 Kg7 49. Rb8 Na4 50. Kc4 Bxe3 51. Kb5 Nc3+ 52. Kc6 Bc5 53. Kd7 Ne2 54. Ke8 Ng3 55. Rb7 Nxf5 56. Rxf7+ Kg8 57. Rxf5 Kg7 58. Ke7 Bb4 59. Rf7+ Kg8 60. Kf6 Bc5 61. Kg6 Bd4 62. Rf6 Bc5 63. Kxh6 Bb4 64. Kxg5 Bc5 65. h6 Bb4 66. h7+ Kh8 67. Rf8+ 1-0

[Event "Penang op 11th"]
[Site "Penang"]
[Date "2019.12.10"]
[Round "3"]
[White "Suelo, Roberto Jr"]
[Black "Villamayor, Buenaventura"]
[Result "0-1"]
[WhiteElo "2140"]
[BlackElo "2372"]
[PlyCount "156"]
[EventDate "2019.12.09"]
[EventType "swiss"]
[EventRounds "9"]
[EventCountry "MAS"]
[SourceTitle "CBM 193 Extra"]
[Source "ChessBase"]
[SourceDate "2020.01.31"]
[SourceVersion "1"]
[SourceVersionDate "2020.01.31"]
[SourceQuality "1"]

1. d4 Nf6 2. Bf4 e6 3. e3 c5 4. c3 Nc6 5. Nd2 d5 6. Bd3 Bd6 7. Bg3 e5 8. dxe5 Nxe5 9. Bb5+ Bd7 10. Bxd7+ Qxd7 11. Bxe5 Bxe5 12. Ngf3 Bc7 13. Qe2 0-0 14. 0-0 Rfe8 15. Rfd1 Rad8 16. Nb3 Qc6 17. Qc2 Re4 18. h3 b6 19. Nbd2 Re7 20. Nb3 Red7 21. Rac1 Qe6 22. Nbd2 h6 23. Qd3 Ne4 24. Qe2 f5 25. Nf1 f4 26. exf4 Bxf4 27. Rc2 Re7 28. Re1 Qf7 29. Qd1 Ng5 30. Rxe7 Qxe7 31. Nxg5 Bxg5 32. Qd3 d4 33. cxd4 Rxd4 34. Qf3 Qf7 35. Qxf7+ Kxf7 36. g3 Rd1 37. Kg2 Bf6 38. Ne3 Rb1 39. b3 Bd4 40. Nc4 Ke6 41. Kf3 Rh1 42. h4 b5 43. Ne3 a5 44. Ng2 Kd6 45. Ke4 Rf1 46. Kf3 a4 47. bxa4 bxa4 48. Nf4 a3 49. Nd3 Kd5 50. Nf4+ Kc6 51. Nd3 Kb5 52. Ke4 Rd1 53. Nf4 c4 54. Ne6 Bf6 55. Nc7+ Kc5 56. Ne6+ Kb4 57. Nf4 Rd4+ 58. Ke3 g5 59. hxg5 hxg5 60. Ne2 Rd3+ 61. Ke4 Rd1 62. f4 gxf4 63. Nxf4 Kc5 64. Ne6+ Kb4 65. Nf4 Rd4+ 66. Ke3 c3 67. Ne2 Rd8 68. Nf4 Kc4 69. Ke2 Rh8 70. Ng2 Bd4 71. Kf3 Rh1 72. Nf4 Be5 73. Ng2 Kd3 74. Rf2 c2 75. Rxc2 Kxc2 76. g4 Kb2 77. Ke4 Kxa2 78. Ne3 Re1 0-1

[Event "Penang op 11th"]
[Site "Penang"]
[Date "2019.12.10"]
[Round "2"]
[White "Zhou, Yibo"]
[Black "Suelo, Roberto Jr"]
[Result "0-1"]
[WhiteElo "1894"]
[BlackElo "2140"]
[PlyCount "62"]
[EventDate "2019.12.09"]
[EventType "swiss"]
[EventRounds "9"]
[EventCountry "MAS"]
[SourceTitle "CBM 193 Extra"]
[Source "ChessBase"]
[SourceDate "2020.01.31"]
[SourceVersion "1"]
[SourceVersionDate "2020.01.31"]
[SourceQuality "1"]

1. d4 Nf6 2. c4 e6 3. Nf3 d5 4. Nc3 Be7 5. e3 0-0 6. Be2 Nbd7 7. 0-0 b6 8. cxd5 exd5 9. a4 a6 10. Ne5 Bb7 11. Bf3 Bd6 12. Nd3 Ne4 13. Qb3 Ndf6 14. a5 b5 15. Qc2 Qe7 16. b4 Nxc3 17. Qxc3 Ne4 18. Bxe4 dxe4 19. Nc5 Bd5 20. f4 exf3 21. gxf3 Qg5+ 22. Kf2 Bxh2 23. e4 Qg3+ 24. Ke2 Bc4+ 25. Nd3 f5 26. e5 Rfe8 27. Be3 Rad8 28. Rf2 Bg1 29. Rff1 Qg2+ 30. Bf2 Rxe5+ 31. Kd2 Bxd3 0-1

[Event "Penang op 11th"]
[Site "Penang"]
[Date "2019.12.09"]
[Round "1"]
[White "Suelo, Roberto Jr"]
[Black "Sow, Miaogeng Malcolm"]
[Result "1-0"]
[WhiteElo "2140"]
[BlackElo "1681"]
[PlyCount "59"]
[EventDate "2019.12.09"]
[EventType "swiss"]
[EventRounds "9"]
[EventCountry "MAS"]
[SourceTitle "CBM 193 Extra"]
[Source "ChessBase"]
[SourceDate "2020.01.31"]
[SourceVersion "1"]
[SourceVersionDate "2020.01.31"]
[SourceQuality "1"]

1. e4 c5 2. Nf3 e6 3. d3 Nc6 4. g3 Nf6 5. Bg2 Be7 6. 0-0 d6 7. c3 h5 8. Re1 Ng4 9. d4 cxd4 10. cxd4 h4 11. h3 Nxf2 12. Kxf2 hxg3+ 13. Kxg3 Bh4+ 14. Kh2 Bxe1 15. Qxe1 Qb6 16. Nc3 Nxd4 17. Nxd4 Qxd4 18. Qg3 Bd7 19. Be3 Qb4 20. Rd1 0-0-0 21. Bxa7 Bc6 22. Qf2 Rh6 23. Bb6 Rf6 24. Qe3 Rh8 25. a3 Qxb2 26. Rxd6 Rfh6 27. Rd2 Qxa3 28. Qd4 Qe7 29. Ra2 Bd5 30. exd5 1-0

[Event "Penang Mini op 2nd"]
[Site "Penang"]
[Date "2019.06.06"]
[Round "4"]
[White "Ang, Ern Jie Anderson"]
[Black "Suelo, Roberto Jr"]
[Result "0-1"]
[WhiteElo "1748"]
[BlackElo "2126"]
[PlyCount "82"]
[EventDate "2019.06.05"]
[EventType "swiss"]
[EventRounds "9"]
[EventCountry "MAS"]
[SourceTitle "CBM 190 Extra"]
[Source "ChessBase"]
[SourceDate "2019.07.15"]
[SourceVersion "1"]
[SourceVersionDate "2019.07.15"]
[SourceQuality "1"]

1. d4 Nf6 2. Nf3 e6 3. Bf4 c5 4. c3 Nc6 5. e3 d5 6. Bd3 Be7 7. Nbd2 Nh5 8. Bg3 Nxg3 9. hxg3 h6 10. Ne5 Nxe5 11. dxe5 Qc7 12. Nf3 a6 13. a4 b6 14. Qe2 Bb7 15. g4 g5 16. e4 d4 17. cxd4 cxd4 18. Kf1 Kf8 19. g3 Kg7 20. Kg2 Bc5 21. Rac1 Qe7 22. Rc2 a5 23. Nd2 Rac8 24. Ba6 Rhd8 25. Bxb7 d3 26. Qe1 dxc2 27. Bxc8 Bb4 28. Qc1 Rxd2 29. Ba6 Qc5 30. Rf1 Qd4 31. Kf3 Bc5 32. Be2 Rxe2 33. Kg2 Rxf2+ 34. Kh3 Rxf1 35. Qxf1 Qf2 36. Qh1 Be3 37. b4 c1Q 38. Qxc1 Bxc1 39. b5 Bf4 40. gxf4 gxf4 41. g5 Qg3# 0-1

[Event "Penang op 10th"]
[Site "Penang"]
[Date "2018.12.07"]
[Round "8"]
[White "Suelo, Roberto Jr"]
[Black "Isomov, Umar"]
[Result "1/2-1/2"]
[WhiteElo "2196"]
[BlackElo "1949"]
[PlyCount "127"]
[EventDate "2018.12.03"]
[EventType "swiss"]
[EventRounds "9"]
[EventCountry "MAS"]
[SourceTitle "CBM 187 Extra"]
[Source "ChessBase"]
[SourceDate "2018.11.04"]
[SourceVersion "1"]
[SourceVersionDate "2018.11.04"]
[SourceQuality "1"]

1. e4 c5 2. Nf3 Nc6 3. c3 Nf6 4. d3 d6 5. d4 cxd4 6. cxd4 Bg4 7. d5 Ne5 8. Nxe5 dxe5 9. Qb3 Bd7 10. Nc3 Qb8 11. Be3 g6 12. Rc1 Bg7 13. Nb5 Bxb5 14. Bxb5+ Kf8 15. Bd3 Ng4 16. Bc5 Bh6 17. Rc2 Bg5 18. f3 b6 19. Bg1 Nf6 20. Ba6 Nd7 21. Be3 Bxe3 22. Qxe3 Nc5 23. Bb5 a5 24. 0-0 Kg7 25. b3 Rc8 26. Rfc1 Ra7 27. Rc4 Qd6 28. a3 Rac7 29. b4 axb4 30. axb4 Nb7 31. Rc6 Rxc6 32. Rxc6 Rxc6 33. dxc6 Nd8 34. Qxb6 Ne6 35. Bf1 h5 36. h3 Nd4 37. Qc5 Qxc5 38. bxc5 Nxc6 39. Bb5 Nd4 40. Bd7 h4 41. Kf2 e6 42. Ke3 g5 43. c6 Nb5 44. Kd3 Kf8 45. Kc4 Nc7 46. Kc5 Ke7 47. Kb6 Kd8 48. Kb7 Nb5 49. c7+ Nxc7 50. Bc6 Ne8 51. Bxe8 Kxe8 52. Kc8 Ke7 53. Kc7 f5 54. Kc6 fxe4 55. fxe4 Kf6 56. Kd6 g4 57. hxg4 Kg5 58. Kxe5 Kxg4 59. Kxe6 Kg3 60. e5 Kxg2 61. Kf5 h3 62. e6 h2 63. e7 h1Q 64. e8Q 1/2-1/2

[Event "Penang op 10th"]
[Site "Penang"]
[Date "2018.12.05"]
[Round "5"]
[White "Suelo, Roberto Jr"]
[Black "Chen, Kailin"]
[Result "1/2-1/2"]
[WhiteElo "2196"]
[BlackElo "2016"]
[PlyCount "134"]
[EventDate "2018.12.03"]
[EventType "swiss"]
[EventRounds "9"]
[EventCountry "MAS"]
[SourceTitle "CBM 187 Extra"]
[Source "ChessBase"]
[SourceDate "2018.11.04"]
[SourceVersion "1"]
[SourceVersionDate "2018.11.04"]
[SourceQuality "1"]

1. e4 e6 2. d3 d5 3. Nd2 c5 4. Ngf3 Nc6 5. g3 Bd6 6. Bg2 Nge7 7. 0-0 0-0 8. b3 Bc7 9. Bb2 Ng6 10. Re1 d4 11. h4 e5 12. Nf1 h6 13. N1h2 Be6 14. Bc1 b5 15. a4 a6 16. h5 Nge7 17. Nh4 Qd7 18. g4 f6 19. Nf5 Kh7 20. Kh1 Rfb8 21. Rg1 Ra7 22. Bh3 Rf8 23. Nf3 Bb8 24. N3h4 Rg8 25. Qd2 Bxf5 26. gxf5 Nd8 27. Qe2 Nf7 28. Bd2 b4 29. Rg3 Qc6 30. Rag1 Ng5 31. Bxg5 fxg5 32. Nf3 Qf6 33. Qf1 Rc7 34. Qd1 Rc6 35. R1g2 Bc7 36. Qd2 Qf7 37. Rxg5 Kh8 38. R5g3 Rf6 39. Rh2 Nc6 40. Rg6 Ne7 41. Bg4 Rf8 42. Rh3 Qe8 43. Ng5 Nxg6 44. hxg6 Kg8 45. f3 Qe7 46. Rh5 Re8 47. Nh3 a5 48. Nf2 Kf8 49. Bh3 Qd6 50. Ng4 Ke7 51. f4 Kd8 52. fxe5 Rxe5 53. Nxe5 Qxe5 54. Qg2 Qf4 55. Qe2 Qe5 56. Bg4 Ke7 57. Qg2 Qg3 58. Qxg3 Bxg3 59. e5 Bxe5 60. Kg2 Kd6 61. Kf3 Rf8 62. Rh1 Re8 63. Re1 Re7 64. Re4 Bf6 65. Rxe7 Bxe7 66. Ke4 Bf6 67. Bf3 Be5 1/2-1/2

[Event "Penang op 10th"]
[Site "Penang"]
[Date "2018.12.04"]
[Round "2"]
[White "Lim, See Siang Fergus"]
[Black "Suelo, Roberto Jr"]
[Result "1/2-1/2"]
[WhiteElo "1830"]
[BlackElo "2196"]
[PlyCount "90"]
[EventDate "2018.12.03"]
[EventType "swiss"]
[EventRounds "9"]
[EventCountry "MAS"]
[SourceTitle "CBM 187 Extra"]
[Source "ChessBase"]
[SourceDate "2018.11.04"]
[SourceVersion "1"]
[SourceVersionDate "2018.11.04"]
[SourceQuality "1"]

1. d4 d5 2. c4 e6 3. Nf3 c5 4. e3 Nf6 5. Nc3 Nc6 6. cxd5 Nxd5 7. e4 Nxc3 8. bxc3 cxd4 9. cxd4 Bb4+ 10. Bd2 Qa5 11. a3 Bc3 12. Rc1 Bxd2+ 13. Qxd2 Qxd2+ 14. Kxd2 0-0 15. Bc4 Na5 16. Ba2 b6 17. Rc7 Rd8 18. Ke3 Nb7 19. e5 h6 20. Nd2 Na5 21. Ne4 Bb7 22. Nd6 Rxd6 23. exd6 Rd8 24. d7 Kf8 25. Rhc1 Ke7 26. g4 Kd6 27. h4 a6 28. R7c3 Rxd7 29. f4 b5 30. a4 Bd5 31. Bxd5 exd5 32. Rc5 Nc4+ 33. Kd3 Re7 34. axb5 axb5 35. Ra1 Re3+ 36. Kc2 Na3+ 37. Kd2 Rf3 38. Ke2 Rg3 39. Kf2 Rd3 40. Rxa3 Rxa3 41. Rxb5 Ra4 42. Ke3 Ra3+ 43. Kf2 Ra2+ 44. Ke3 Ra3+ 45. Kf2 Ra2+ 1/2-1/2

[Event "Penang op 10th"]
[Site "Penang"]
[Date "2018.12.03"]
[Round "1"]
[White "Suelo, Roberto Jr"]
[Black "Elisabeth, Christine"]
[Result "1/2-1/2"]
[WhiteElo "2196"]
[BlackElo "1798"]
[PlyCount "74"]
[EventDate "2018.12.03"]
[EventType "swiss"]
[EventRounds "9"]
[EventCountry "MAS"]
[SourceTitle "CBM 187 Extra"]
[Source "ChessBase"]
[SourceDate "2018.11.04"]
[SourceVersion "1"]
[SourceVersionDate "2018.11.04"]
[SourceQuality "1"]

1. e4 e5 2. Nf3 Nc6 3. Bc4 Bc5 4. c3 Nf6 5. d4 exd4 6. cxd4 Bb4+ 7. Nc3 Nxe4 8. 0-0 Bxc3 9. d5 Bf6 10. Re1 Ne7 11. Rxe4 d6 12. Bg5 Bxg5 13. Nxg5 h6 14. Qe2 hxg5 15. Re1 Be6 16. dxe6 f6 17. Re3 c6 18. Rh3 Rxh3 19. gxh3 g6 20. Qf3 Qa5 21. Re2 Qf5 22. Qa3 Qb1+ 23. Kg2 Nf5 24. f3 Qd1 25. Bd3 0-0-0 26. e7 Re8 27. Bxf5+ gxf5 28. Qe3 Qd5 29. Qxa7 Kc7 30. Qa4 Kd7 31. Qa7 Kc7 32. Qa4 Kd7 33. Qb4 Qb5 34. Qe1 Qd5 35. Qb4 Qb5 36. Qe1 Qd5 37. Qb4 Qb5 1/2-1/2

[Event "PGMA Cup 2nd"]
[Site "Manila"]
[Date "2007.11.24"]
[Round "4"]
[White "Halay, Taufik"]
[Black "Suelo, Roberto Jr"]
[Result "0-1"]
[WhiteElo "2393"]
[BlackElo "2143"]
[PlyCount "82"]
[EventDate "2007.11.22"]
[EventType "swiss"]
[EventRounds "9"]
[EventCountry "PHI"]
[SourceTitle "EXT 2009"]
[Source "ChessBase"]
[SourceDate "2008.11.26"]
[SourceVersion "1"]
[SourceVersionDate "2008.11.26"]
[SourceQuality "1"]

1. d4 g6 2. c4 Bg7 3. Nc3 c6 4. e4 d6 5. Nf3 Nd7 6. Be2 Qc7 7. 0-0 e5 8. Be3 Ngf6 9. d5 c5 10. a3 a6 11. Ne1 0-0 12. Nd3 Re8 13. a4 h6 14. Qd2 Kh7 15. f3 Nb6 16. b3 a5 17. Nb5 Qd8 18. Qe1 Ra6 19. Nxd6 Qxd6 20. Nxc5 Ra8 21. Nd3 Qc7 22. c5 Nbxd5 23. exd5 Nxd5 24. Bf2 e4 25. fxe4 Rxe4 26. Qd2 Bc3 27. Qc2 Bxa1 28. Rxa1 Bf5 29. Qb2 Rd8 30. Rc1 Bg4 31. Bg3 Qe7 32. Bf1 Be2 33. Bd6 Qe6 34. Ne5 Nf4 35. Re1 Rxd6 36. cxd6 Rxe5 37. d7 Rd5 38. Bxe2 Qe3+ 39. Kf1 Nh3 40. gxh3 Rf5+ 41. Bf3 Qxf3+ 0-1

[Event "Manila PGMA Cup 1st"]
[Site "Manila"]
[Date "2006.11.18"]
[Round "3"]
[White "Ranola, Yves"]
[Black "Suelo, Roberto Jr"]
[Result "1-0"]
[WhiteElo "2414"]
[BlackElo "2116"]
[PlyCount "137"]
[EventDate "2006.11.17"]
[EventType "swiss"]
[EventRounds "9"]
[EventCountry "PHI"]
[SourceTitle "CBM 115 Extra"]
[Source "ChessBase"]
[SourceDate "2007.01.10"]
[SourceVersion "1"]
[SourceVersionDate "2007.01.10"]
[SourceQuality "1"]

1. c4 c5 2. g3 Nf6 3. Bg2 d5 4. cxd5 Nxd5 5. Nc3 Nc7 6. Nf3 Nc6 7. 0-0 e5 8. Ne1 Be7 9. Nd3 Qd4 10. b3 Bf5 11. Bb2 Bxd3 12. Na4 Qd6 13. exd3 0-0 14. Qg4 Ne6 15. Rae1 Ned4 16. Bxd4 cxd4 17. Bxc6 bxc6 18. Qe4 Bf6 19. Rc1 Rac8 20. Rc2 Bg5 21. Re1 f6 22. Nb2 g6 23. Na4 Rfe8 24. h4 f5 25. Qg2 Bh6 26. Nb2 Bg7 27. Rcc1 Qd5 28. Na4 Qd6 29. Rc2 Bh6 30. Qf3 Re6 31. Nb2 Rc7 32. Qg2 Ree7 33. Rcc1 Bxd2 34. Nc4 Qb4 35. a3 Qxb3 36. Nxd2 Qxd3 37. Nc4 e4 38. Red1 Qb3 39. Rxd4 Rcd7 40. Rxd7 Rxd7 41. Qf1 Rd3 42. Qe1 c5 43. Ne3 Qxa3 44. Ra1 Qb2 45. Rxa7 Rc3 46. Kg2 Qc1 47. Qe2 Ra3 48. Rxa3 Qxa3 49. Qc4+ Kg7 50. Qd5 Qc3 51. Qd7+ Kg8 52. Qe8+ Kg7 53. Qe7+ Kg8 54. h5 gxh5 55. Qg5+ Qg7 56. Qxf5 Qg6 57. Qxc5 h6 58. Qe7 Kh8 59. Qf8+ Kh7 60. Qf5 Kg7 61. Qxg6+ Kxg6 62. Kh3 Kg5 63. Nd5 h4 64. gxh4+ Kf5 65. Kg3 h5 66. Nf4 e3 67. fxe3 Ke4 68. Kf2 Kf5 69. Kf3 1-0

[Event "Manila PGMA Cup 1st"]
[Site "Manila"]
[Date "2006.11.17"]
[Round "1"]
[White "Laylo, Darwin"]
[Black "Suelo, Roberto Jr"]
[Result "1-0"]
[WhiteElo "2448"]
[BlackElo "2116"]
[PlyCount "93"]
[EventDate "2006.11.17"]
[EventType "swiss"]
[EventRounds "9"]
[EventCountry "PHI"]
[SourceTitle "CBM 115 Extra"]
[Source "ChessBase"]
[SourceDate "2007.01.10"]
[SourceVersion "1"]
[SourceVersionDate "2007.01.10"]
[SourceQuality "1"]

1. d4 Nf6 2. c4 e6 3. Nf3 Bb4+ 4. Bd2 a5 5. Nc3 b6 6. e3 Bxc3 7. Bxc3 Ne4 8. Qc2 Nxc3 9. Qxc3 Bb7 10. Be2 0-0 11. 0-0 d6 12. Nd2 Nd7 13. f4 f5 14. Bf3 Bxf3 15. Rxf3 Qe7 16. Raf1 Nf6 17. Qd3 Rad8 18. Rh3 h6 19. Nf3 Ne4 20. d5 Nc5 21. Qd2 exd5 22. Qxd5+ Qf7 23. Nd4 Rde8 24. b3 Ne4 25. Rc1 Nc5 26. Rc2 Kh7 27. Rf3 Qf6 28. h3 Nd3 29. Rd2 Nc5 30. Kh2 Ne4 31. Rc2 Qg6 32. a3 h5 33. Qc6 Re7 34. g3 Nc5 35. Qd5 Qf6 36. Rg2 Ne6 37. Nc6 Ree8 38. g4 hxg4 39. hxg4 fxg4 40. Rxg4 Qf5 41. Rfg3 Rf7 42. Rh3+ Kg8 43. Qg2 Nf8 44. Rgh4 Rf6 45. Rh5 Qe4 46. Rh8+ Kf7 47. Nd8+ 1-0

[Event "Greenhills op"]
[Site "Greenhills"]
[Date "1997.??.??"]
[Round "3"]
[White "Suelo, Roberto Jr"]
[Black "Unding, Hector"]
[Result "1-0"]
[WhiteElo "2100"]
[BlackElo "2305"]
[PlyCount "92"]
[EventDate "1997.??.??"]
[EventType "swiss"]
[EventRounds "11"]
[EventCountry "PHI"]
[SourceTitle "EXT 1998"]
[Source "ChessBase"]
[SourceDate "1997.11.17"]
[SourceVersion "1"]
[SourceVersionDate "1997.11.17"]
[SourceQuality "1"]

1. e4 c5 2. Nf3 e6 3. c3 g6 4. d4 Qc7 5. g3 cxd4 6. Qxd4 f6 7. Bf4 d6 8. Qa4+ Bd7 9. Qb3 Nc6 10. Nbd2 Ne5 11. Nd4 Kf7 12. Be2 Ne7 13. Be3 d5 14. f4 N5c6 15. Nb5 Qb8 16. 0-0 b6 17. Qd1 a6 18. Nd4 Nxd4 19. Bxd4 Bc6 20. Bf3 Bg7 21. Re1 Re8 22. Qb3 b5 23. Bc5 Qb7 24. Re2 f5 25. exf5 Nxf5 26. Rae1 h5 27. Bg2 Bf6 28. Nf3 Qc7 29. Ne5+ Bxe5 30. Rxe5 Bb7 31. Bf2 Qc4 32. Qa3 Rac8 33. Qa5 Qc7 34. Bb6 Qd7 35. Qa3 Nd6 36. Qb3 Nc4 37. Bd4 Nxe5 38. Rxe5 Rc4 39. Qd1 Qc7 40. Qd3 b4 41. Bh3 Rxd4 42. Qxd4 bxc3 43. bxc3 Bc8 44. Bf1 Bb7 45. Bd3 Rc8 46. Bxg6+ Kf8 1-0